000 00258 a2200109 4500
001 61560
082 _a327.94067 PAF
090 _c37093
_d37093
100 _aBruce W.Watson
245 _aMilitary Lessons of the Gulf War
_hEnglish
260 _bIzharsons
942 _aCAE NUST
_k327.94067 PAF
999 _c296633
_d296633